Music Quiz

Random Music or Kpop Quiz
Score 0/100 Timer 07:00
26 Plays Today
Group Name (B)oy or (G)irl % Correct
Big Bang???
93.2%
Super Junior???
92%
Astro???
91.2%
Apink???
90.7%
B.I.G???
88.5%
Winner???
88.4%
Kara???
88.3%
T-ara???
88%
Boys Republic ???
87.8%
Sistar???
87.1%
2PM???
86.4%
Topp Dogg???
86.3%
KNK???
85.6%
Girls' Generation???
85.4%
f(x)???
85.3%
24K???
85.3%
BtoB???
85.3%
B.A.P???
84.9%
Highlight (Beast)???
84.9%
Mamamoo???
84.6%
Block B???
84.6%
GFriend???
84.4%
B1A4???
84.3%
BTS???
84.2%
EXO???
84%
Monsta X???
84%
Seventeen???
83.7%
Snuper???
83.7%
AOA???
83.7%
Girl's Day???
83.5%
Got7???
83.5%
BLACKPINK???
83.3%
Infinite???
83.2%
Boyfriend???
83.1%
Group Name (B)oy or (G)irl % Correct
Bigflo???
83%
NU'EST???
82.6%
MBLAQ???
82.5%
Ladies' Code???
82.4%
Teen Top???
82.4%
Pentagon ???
82.2%
iKon???
82.1%
Day6???
81.8%
SHINee???
81.8%
NCT???
81.5%
UP10TION???
80.9%
ZE:A???
80.8%
April???
80.8%
Victon???
80.6%
I.O.I???
80.5%
4Minute ???
80%
Wonder Girls???
80%
Red Velvet???
80%
Brown Eyed Girls???
79.6%
VIXX???
79.5%
History???
79.5%
OH MY GIRL???
79%
F.T. Island???
79%
JYJ???
78.6%
Orange Caramel???
78.6%
Cosmic Girls???
78.5%
Miss A???
78.4%
Madtown???
78.2%
Wanna One???
78%
Lovelyz???
78%
100%???
77.9%
SF9???
77.5%
SS501???
76.9%
CLC???
76.7%
Group Name (B)oy or (G)irl % Correct
TWICE???
76.7%
CNBLUE???
76.5%
2AM???
76.1%
Shinhwa???
76%
Seven O'Clock???
75.2%
Rainbow???
75%
VAV???
74.5%
Stellar???
74.2%
JJCC???
74.1%
C-Clown???
73.9%
Hotshot???
73.8%
EXID???
73.1%
BESTie???
72.9%
2NE1???
72.4%
Cross Gene???
72.2%
After School???
71.6%
Nine Muses???
71.3%
Uniq???
70.8%
PRISTIN???
70.7%
VARSITY???
69.5%
U-KISS???
69.5%
Crayon Pop???
68.7%
Jewelry???
68.6%
Secret???
68.2%
Double S 301???
67.9%
Fiestar???
67%
MYNAME???
65.3%
Tiny-G???
62.4%
Dal Shabet???
59.3%
A.cian???
59%
Playback???
34.7%
Fin.K.L???
33.4%
Come Together.
Have Fun.
All Virtual.
We all need to come together. Play Sporcle's virtual live trivia to have fun, connect with people, and get your trivia on. Join a live hosted trivia game for your favorite pub trivia experience done virtually. If a virtual private party is more your thing, go here for details.

You're not logged in!

Compare scores with friends on all Sporcle quizzes.
OR
Log In

Sporcle TV

Today on Sporcle TV


Watch our educational content, quiz creation guides, and fun videos on Sporcle TV.

Show Comments

Extras

Top Quizzes Today


Score Distribution

Paid Content

Your Account Isn't Verified!

In order to create a playlist on Sporcle, you need to verify the email address you used during registration. Go to your Sporcle Settings to finish the process.

Report this User

Report this user for behavior that violates our Community Guidelines.

Details: